000 00767nam a2200217 4500
001 121861
003 ES-MaACL
005 20240522132556.0
007 t|
008 070214s1964 sp r ||||1| spa d
100 1 _aPorzig, Walter.
_993312
245 1 3 _aEl mundo maravilloso del lenguaje
_b: problemas, métodos y resultados de la lingüística moderna /
_cWalter Porzig ; versión castellana de Abelardo Moralejo.
260 _aMadrid :
_bGredos,
_c1964.
300 _a507 p. ;
_c21 cm.
490 1 _aBiblioteca Románica Hispánica. Manuales ;
_v11
700 1 _aMoralejo, Abelardo.
_982963
830 0 _aBiblioteca románica hispánica. III. Manuales ;
_v11
_9177701
852 _aES-MaACL
_jC-25981
_bR.54748
942 _2udc
999 _c121861
_d121861